| 000 | 00000nam##2200000za#4500 |
| 001 | 9.650361 |
| 003 | CaOODSP |
| 005 | 20210615114311 |
| 007 | ta |
| 008 | 150407|2006||||xxc||||| f|0| 0 eng|d |
| 020 | |a0-662-44279-2 |
| 040 | |aCaOODSP|beng |
| 043 | |an-cn--- |
| 086 | 1 |aH164-37/2006E |
| 110 | 1 |aCanada. |bHealth Products and Food Branch. |
| 245 | 10|aReporting side effects from your medicine : |bwhat you need to know / |c[developed by] Marketed Health Products Directorate. |
| 246 | 1 |aReporting side effects : what you need to know |
| 260 | |aOttawa - Ontario : |bHealth Canada. |c2006. |
| 300 | |a28p. : |billus., photographs ; |c28 cm. |
| 500 | |aOn cover: MedEffect Canada - together we can improve health product safety. |
| 520 | 3 |aThis guidebook covers: which medicines to report on; what kinds of side effects are important to take note of and report; how to recognize the symptoms of a side effect and keep track of them; who to inform when you think a medicine has caused a side effect; how to complete the Health Canada form for reporting side effects; how reports about side effects, like yours, are used. |
| 563 | |aSoftcover |
| 590 | |a07-20|b2007-05-18 |
| 690 | 07|aAdverse effects|2gcpds |
| 690 | 07|aDrugs|2gcpds |
| 775 | 08|tSignalement des effets secondaires causés par vos médicaments : |w(CaOODSP)9.683476 |
| 776 | 0#|tReporting side effects from your medicine : |w(CaOODSP)9.688915 |
| 986 | |aHC Pub.: 4663 |